Statistics for Coldest States

Click here to take the quiz!

General Stats

  • This quiz has been taken 38 times
  • The average score is 9 of 10

Answer Stats

HintAnswer% Correct
32.03°FAlaska
100%
43.09°FMaine
97%
40.80°FNorth Dakota
94%
43.74°FVermont
94%
44.71°FWisconsin
94%
44.18°FMontana
91%
42.98°FMinnesota
89%
44.49°FNew Hampshire
83%
45.54°FSouth Dakota
83%
43.47°FWyoming
77%

Score Distribution

Percentile by Number Answered

Percent of People with Each Score

Your Score History

You have not taken this quiz